| 000 | 00830nas a2200253 i 4500 | ||
|---|---|---|---|
| 001 | 9682 | ||
| 003 | ES-MaACL | ||
| 005 | 20250414181054.0 | ||
| 007 | t| | ||
| 008 | 931125s1992 sp | l|01 0||pa d | ||
| 020 | _a84-7812-179-X | ||
| 080 | _a311.314(464.1)"1990-1991" | ||
| 080 | _a352(464.1)"1990-1991":31 | ||
| 245 | 0 | 0 |
_aAnuario estadístico 1990-1991 _b: Ayuntamiento de Madrid. |
| 260 |
_aMadrid : _bAyuntamiento, Primera Tenencia de Alcaldía, Departamento de Estadística, _c[1992?] |
||
| 300 |
_a884 p. ; _c30 cm. |
||
| 651 | 4 |
_aMadrid- _xEstadísticas. _9146823 |
|
| 655 | 7 |
_2tgfbne _9226822 _aAnuarios |
|
| 710 | 1 |
_aMadrid. _bAyuntamiento. _bDepartamento de Estadística. _9168646 |
|
| 852 |
_aES-MaACL _jL-16982 |
||
| 942 |
_2udc _cPERIODICA |
||
| 999 |
_c9682 _d9682 |
||